A case for creation / (Record no. 4608)
[ view plain ]
| 000 -LEADER | |
|---|---|
| fixed length control field | 01601cam a2200409 a 4500 |
| 001 - CONTROL NUMBER | |
| control field | 455149 |
| 003 - CONTROL NUMBER IDENTIFIER | |
| control field | GBCCL |
| 005 - DATE AND TIME OF LATEST TRANSACTION | |
| control field | 20241126110522.0 |
| 008 - FIXED-LENGTH DATA ELEMENTS--GENERAL INFORMATION | |
| fixed length control field | 821213s1983 ilua b 001 0 eng |
| 010 ## - | |
| -- | 82023998 |
| 020 ## - INTERNATIONAL STANDARD BOOK NUMBER | |
| International Standard Book Number | 0802401767 |
| 020 ## - INTERNATIONAL STANDARD BOOK NUMBER | |
| International Standard Book Number | 9780802401762 |
| 029 1# - | |
| -- | AU@ |
| -- | 000002426224 |
| 035 ## - SYSTEM CONTROL NUMBER | |
| System control number | (OCoLC)ocm09110771 |
| 035 ## - SYSTEM CONTROL NUMBER | |
| System control number | (OCoLC)9110771 |
| 040 ## - CATALOGING SOURCE | |
| Original cataloging agency | DLC |
| Language of cataloging | eng |
| Transcribing agency | DLC |
| Modifying agency | BAKER |
| -- | LMR |
| -- | HNW |
| -- | YDXCP |
| -- | WY@ |
| -- | PBE |
| -- | OCLCF |
| -- | OCLCQ |
| -- | OCL |
| -- | LBB |
| 049 ## - | |
| -- | LBBA |
| 050 00 - | |
| -- | BS651 |
| -- | .F74 1983 |
| 082 0# - DEWEY DECIMAL CLASSIFICATION NUMBER | |
| Classification number | 231.765 |
| Edition information | 19 |
| Item number | FRA |
| 090 ## - LOCALLY ASSIGNED LC-TYPE CALL NUMBER (OCLC); LOCAL CALL NUMBER (RLIN) | |
| Classification number (OCLC) (R) ; Classification number, CALL (RLIN) (NR) | BS651 |
| Local cutter number (OCLC) ; Book number/undivided call number, CALL (RLIN) | .F74 1983 |
| 100 1# - MAIN ENTRY--PERSONAL NAME | |
| Personal name | Frair, Wayne. |
| 9 (RLIN) | 8490 |
| 245 12 - TITLE STATEMENT | |
| Title | A case for creation / |
| Statement of responsibility, etc. | by Wayne Frair and Percival Davis ; illustrated by Carla Field. |
| 250 ## - EDITION STATEMENT | |
| Edition statement | 3rd rev. ed. |
| 260 ## - PUBLICATION, DISTRIBUTION, ETC. | |
| Place of publication, distribution, etc. | Chicago, Ill. : |
| Name of publisher, distributor, etc. | Moody Press, |
| Date of publication, distribution, etc. | 1983. |
| 300 ## - PHYSICAL DESCRIPTION | |
| Extent | 155 pages : |
| Other physical details | illustrations ; |
| Dimensions | 23 cm |
| 336 ## - CONTENT TYPE | |
| Content type term | text |
| Content type code | txt |
| Source | rdacontent |
| 337 ## - MEDIA TYPE | |
| Media type term | unmediated |
| Media type code | n |
| Source | rdamedia |
| 338 ## - CARRIER TYPE | |
| Carrier type term | volume |
| Carrier type code | nc |
| Source | rdacarrier |
| 504 ## - BIBLIOGRAPHY, ETC. NOTE | |
| Bibliography, etc. note | Includes bibliographical references and index. |
| 505 0# - FORMATTED CONTENTS NOTE | |
| Formatted contents note | Evolution and science -- Reasons for similarities -- Comparative arguments -- The history of the earth and its organisms -- The nature of life and its origins -- Genetics and evolution -- The origin of behavior -- The study of mankind -- The Bible and creation -- Epilogue : creationism's unfinished business. |
| 650 #0 - SUBJECT ADDED ENTRY--TOPICAL TERM | |
| Topical term or geographic name entry element | Creationism. |
| 9 (RLIN) | 1495 |
| 650 #0 - SUBJECT ADDED ENTRY--TOPICAL TERM | |
| Topical term or geographic name entry element | Evolution. |
| 9 (RLIN) | 1800 |
| 650 #7 - SUBJECT ADDED ENTRY--TOPICAL TERM | |
| Topical term or geographic name entry element | Creationism. |
| Source of heading or term | fast |
| Authority record control number or standard number | (OCoLC)fst00882407 |
| 9 (RLIN) | 1495 |
| 650 #7 - SUBJECT ADDED ENTRY--TOPICAL TERM | |
| Topical term or geographic name entry element | Evolution. |
| Source of heading or term | fast |
| Authority record control number or standard number | (OCoLC)fst00917265 |
| 9 (RLIN) | 1800 |
| 700 1# - ADDED ENTRY--PERSONAL NAME | |
| Personal name | Davis, P. William. |
| 9 (RLIN) | 8491 |
| 942 ## - ADDED ENTRY ELEMENTS (KOHA) | |
| Source of classification or shelving scheme | Dewey Decimal Classification |
| Koha item type | Books |
| Koha issues (borrowed), all copies | 2 |
| Withdrawn status | Lost status | Source of classification or shelving scheme | Damaged status | Not for loan | Home library | Current Library | Shelving location | Date acquired | Total checkouts | Full call number | Barcode | Date last seen | Date last checked out | Copy number | Price effective from | Koha item type |
|---|---|---|---|---|---|---|---|---|---|---|---|---|---|---|---|---|
| Dewey Decimal Classification | GRACE BIBLE COLLEGE | GRACE BIBLE COLLEGE | Theology | 2018-01-29 | 2 | 231.765 FRA | 002034 | 2025-05-01 | 2020-03-10 | c.1 | 2018-01-29 | Books |